[Event "South Wales op 18th"]
[Site "Bridgend"]
[Date "2023.07.10"]
[Round "6"]
[White "Belochkin, David"]
[Black "Wilson, Matthew R"]
[Result "0-1"]
[WhiteElo "1130"]
[BlackElo "1762"]
[PlyCount "68"]
[EventDate "2023.07.07"]
[EventType "swiss"]
[EventRounds "9"]
[EventCountry "WLS"]
[SourceTitle "CBM 215 Extra"]
[Source "ChessBase"]
[SourceDate "2023.09.30"]
[SourceVersion "1"]
[SourceVersionDate "2023.09.30"]
[SourceQuality "1"]

1. d4 d5 2. Bf4 Nf6 3. Nf3 e6 4. e3 c5 5. c3 Nc6 6. Nbd2 cxd4 7. exd4 Nh5 8. Bg3 g6 9. Bh4 f6 10. Bd3 Nf4 11. Bf1 g5 12. Bg3 Bd6 13. Bxf4 gxf4 14. Bb5 Bd7 15. Nh4 Qe7 16. Qh5+ Qf7 17. Qxf7+ Kxf7 18. 0-0-0 a6 19. Bd3 Ne7 20. c4 Rac8 21. Kb1 Bc6 22. c5 Bc7 23. g3 Ng6 24. Nhf3 e5 25. dxe5 fxe5 26. Bf5 Rce8 27. gxf4 Nxf4 28. Rhg1 Kf6 29. Bc2 Ne6 30. Nb3 a5 31. Nbd2 e4 32. Nh4 Bxh2 33. Rg2 Be5 34. a4 Nxc5 0-1

[Event "South Wales op 18th"]
[Site "Bridgend"]
[Date "2023.07.08"]
[Round "3"]
[White "Wilson, Matthew R"]
[Black "Harandi, Teymour"]
[Result "0-1"]
[WhiteElo "1762"]
[BlackElo "1426"]
[PlyCount "48"]
[EventDate "2023.07.07"]
[EventType "swiss"]
[EventRounds "9"]
[EventCountry "WLS"]
[SourceTitle "CBM 215 Extra"]
[Source "ChessBase"]
[SourceDate "2023.09.30"]
[SourceVersion "1"]
[SourceVersionDate "2023.09.30"]
[SourceQuality "1"]

1. b3 c5 2. Bb2 b6 3. e4 Bb7 4. Nc3 e6 5. Nf3 Nc6 6. d4 cxd4 7. Nxd4 Nf6 8. Nf3 d6 9. a3 Be7 10. Bd3 0-0 11. 0-0 Nd7 12. Qc1 Rc8 13. Qf4 Nde5 14. Rad1 Nxd3 15. Rxd3 Ba6 16. Rfd1 Bxd3 17. Rxd3 f5 18. exf5 Rxf5 19. Qg4 Bf6 20. Re3 Ne5 21. Nxe5 Bxe5 22. f4 Bd4 23. Nd5 Bxb2 24. Rxe6 Rxd5 0-1

[Event "ENG-ch Seniors 50"]
[Site "Leamington Spa"]
[Date "2023.05.08"]
[Round "7"]
[White "Wilson, Matthew R"]
[Black "Bradbury, Neil H"]
[Result "0-1"]
[WhiteElo "1747"]
[BlackElo "2215"]
[PlyCount "56"]
[EventDate "2023.05.04"]
[EventType "swiss"]
[EventRounds "7"]
[EventCountry "ENG"]
[SourceTitle "CBM 214 Extra"]
[Source "ChessBase"]
[SourceDate "2023.07.31"]
[SourceVersion "1"]
[SourceVersionDate "2023.07.31"]
[SourceQuality "1"]

1. b3 Nf6 2. Bb2 e6 3. c4 d5 4. e3 c5 5. Nf3 Nc6 6. cxd5 exd5 7. d4 cxd4 8. Nxd4 Bb4+ 9. Bc3 Bd6 10. Nxc6 bxc6 11. Qf3 Ne4 12. Bd3 Nxc3 13. Nxc3 Qa5 14. Kd2 Be5 15. Rac1 g6 16. Qd1 0-0 17. Qc2 c5 18. Ke2 Be6 19. h3 c4 20. bxc4 dxc4 21. Be4 Rad8 22. f4 Bg7 23. g4 f5 24. gxf5 gxf5 25. Bf3 Rd3 26. Nb1 Qb6 27. Kf1 Qxe3 28. Qe2 Qxf3+ 0-1

[Event "Hastings Weekend op"]
[Site "Hastings"]
[Date "2023.01.08"]
[Round "5"]
[White "Wilson, Matthew R"]
[Black "Simms, Jake"]
[Result "0-1"]
[WhiteElo "1722"]
[BlackElo "1602"]
[PlyCount "68"]
[EventDate "2023.01.07"]
[EventType "swiss"]
[EventRounds "5"]
[EventCountry "ENG"]
[SourceTitle "CBM 212 Extra"]
[Source "ChessBase"]
[SourceDate "2023.03.31"]
[SourceVersion "1"]
[SourceVersionDate "2023.03.31"]
[SourceQuality "1"]

1. e4 g6 2. Nc3 Bg7 3. f4 d6 4. Nf3 c5 5. Bb5+ Bd7 6. Bc4 Nc6 7. 0-0 Nh6 8. d3 0-0 9. Qe1 e6 10. Kh1 Kh8 11. h3 Ne7 12. f5 exf5 13. Bg5 Qe8 14. Qh4 Nhg8 15. Bf4 h6 16. Bxd6 Bf6 17. Qg3 Rc8 18. Rae1 Qd8 19. e5 Bg7 20. Nd5 Be6 21. Nxe7 Nxe7 22. Bxe6 fxe6 23. Nh4 Kh7 24. Bxe7 Qxe7 25. Nxg6 Qc7 26. Nxf8+ Rxf8 27. h4 Rg8 28. Qe3 Bh8 29. Rf4 h5 30. c3 Bg7 31. d4 Bh6 32. dxc5 Rg4 33. g3 Bxf4 34. gxf4 Qc6+ 0-1

[Event "Berks & Bucks op"]
[Site "Maidenhead"]
[Date "2022.08.27"]
[Round "1"]
[White "Wilson, Matthew R"]
[Black "Moyse, Nigel John"]
[Result "0-1"]
[WhiteElo "1743"]
[BlackElo "1976"]
[PlyCount "150"]
[EventDate "2022.08.27"]
[EventType "swiss"]
[EventRounds "6"]
[EventCountry "ENG"]
[SourceTitle "CBM 210 Extra"]
[Source "ChessBase"]
[SourceDate "2022.11.30"]
[SourceVersion "1"]
[SourceVersionDate "2022.11.30"]
[SourceQuality "1"]

1. e4 d6 2. Nc3 Nf6 3. f4 g6 4. Nf3 Bg7 5. Bc4 Nxe4 6. Bxf7+ Kxf7 7. Nxe4 Rf8 8. 0-0 Kg8 9. d4 Nd7 10. Qd3 Nf6 11. Ng3 e6 12. Bd2 Bd7 13. Rae1 Nd5 14. Ng5 Qf6 15. c3 Rae8 16. Kh1 a5 17. Nh5 Qf5 18. Qxf5 exf5 19. Nxg7 Kxg7 20. c4 Nb6 21. b3 a4 22. d5 c6 23. Ne6+ Bxe6 24. dxe6 axb3 25. axb3 Kf6 26. Bc3+ Ke7 27. Bg7 Rg8 28. Bh6 Kf6 29. Bg5+ Kg7 30. Re2 d5 31. c5 Na8 32. Ra1 Nc7 33. e7 h6 34. Bh4 Kf7 35. Rae1 g5 36. Bg3 Rg6 37. fxg5 Ne6 38. gxh6 Nxc5 39. h7 Rh6 40. Re5 Kg6 41. Rf1 Ne4 42. Kg1 Rxh7 43. Rfxf5 Rhxe7 44. Rxe7 Rxe7 45. Rf8 Nxg3 46. hxg3 Rf7 47. Rg8+ Kf6 48. Kf2 Ke5+ 49. Ke2 Kd4 50. b4 Kc4 51. Rg4+ Kb5 52. Rf4 Rg7 53. g4 b6 54. Kd3 Ra7 55. g5 Ra3+ 56. Ke2 Rg3 57. Kf2 Rxg5 58. g4 c5 59. bxc5 bxc5 60. Ke3 Re5+ 61. Kd3 Re1 62. Rf8 Rg1 63. Rg8 Rg3+ 64. Kd2 Kc4 65. g5 d4 66. g6 Rg2+ 67. Ke1 Kd3 68. g7 c4 69. Kf1 Rg6 70. Ke1 c3 71. Rh8 Rxg7 72. Rh3+ Kc2 73. Rh2+ Kb3 74. Rh8 d3 75. Rb8+ Kc2 0-1

[Event "Gibraltar Masters 18th"]
[Site "Caleta"]
[Date "2020.01.28"]
[Round "8"]
[White "Wilson, Matthew R"]
[Black "Giacomini, Hector"]
[Result "0-1"]
[WhiteElo "1837"]
[BlackElo "2161"]
[PlyCount "62"]
[EventDate "2020.01.21"]
[EventType "swiss"]
[EventRounds "10"]
[EventCountry "GGB"]
[SourceTitle "CBM 194 Extra"]
[Source "ChessBase"]
[SourceDate "2020.03.31"]
[SourceVersion "1"]
[SourceVersionDate "2020.03.31"]
[SourceQuality "1"]

1. e4 c6 2. d4 d5 3. exd5 cxd5 4. Bd3 Nc6 5. c3 Qc7 6. Ne2 Bg4 7. 0-0 Nf6 8. f3 Bd7 9. Bf4 e5 10. dxe5 Nxe5 11. Nd4 Bd6 12. Bb5 0-0 13. Na3 Rfe8 14. Bxd7 Qxd7 15. Nac2 Nh5 16. Bxe5 Bxe5 17. Qd2 Qd6 18. g3 Qg6 19. Qg2 Rad8 20. Rad1 Qb6 21. f4 Bc7 22. Nb4 Nf6 23. Rfe1 Qc5 24. Nd3 Qc4 25. Nb4 a5 26. Rxe8+ Rxe8 27. Nbc2 Qxa2 28. b3 Bb6 29. Ra1 Qxb3 30. Ra3 Bxd4+ 31. Nxd4 Qb1+ 0-1

[Event "Hastings Masters op 95th"]
[Site "Hastings"]
[Date "2020.01.03"]
[Round "7"]
[White "Byrn, Carsten"]
[Black "Wilson, Matthew R"]
[Result "1-0"]
[WhiteElo "1919"]
[BlackElo "1837"]
[PlyCount "91"]
[EventDate "2019.12.28"]
[EventType "swiss"]
[EventRounds "9"]
[EventCountry "ENG"]
[SourceTitle "CBM 194 Extra"]
[Source "ChessBase"]
[SourceDate "2020.03.31"]
[SourceVersion "1"]
[SourceVersionDate "2020.03.31"]
[SourceQuality "1"]

1. c4 e5 2. g3 Nc6 3. Nc3 f5 4. Nf3 Nf6 5. d4 e4 6. Nh4 d5 7. Bg5 Bb4 8. e3 0-0 9. Rc1 Ne7 10. Bxf6 Rxf6 11. Ng2 c6 12. h4 Be6 13. Qb3 Bxc3+ 14. Rxc3 dxc4 15. Bxc4 Bxc4 16. Rxc4 Qa5+ 17. Rc3+ Nd5 18. Nf4 Rf7 19. Nxd5 Qxd5 20. Qxd5 cxd5 21. Kd2 h5 22. Rhc1 Rd7 23. Rc8+ Rxc8 24. Rxc8+ Kf7 25. Kc3 Ke6 26. Kb4 b6 27. Kb5 Kd6 28. Rc6+ Ke7 29. Rg6 Kf7 30. Kc6 Re7 31. Rd6 Re8 32. Kxd5 g6 33. Rd7+ Kf6 34. Rc7 Rd8+ 35. Kc6 g5 36. d5 Ke5 37. Re7+ Kf6 38. Re6+ Kf7 39. hxg5 Rc8+ 40. Kd6 Rc2 41. Rf6+ Kg7 42. Rxf5 Rxb2 43. Ke6 Rxa2 44. d6 a5 45. d7 Rd2 46. Rd5 1-0

[Event "Gibraltar Masters 17th"]
[Site "Caleta"]
[Date "2019.01.25"]
[Round "4"]
[White "Hng, Mei En Emmanuelle"]
[Black "Wilson, Matthew R"]
[Result "1-0"]
[WhiteElo "2071"]
[BlackElo "1822"]
[PlyCount "55"]
[EventDate "2019.01.22"]
[EventType "swiss"]
[EventRounds "10"]
[EventCountry "GGB"]
[SourceTitle "CBM 188 Extra"]
[Source "ChessBase"]
[SourceDate "2019.02.26"]
[SourceVersion "1"]
[SourceVersionDate "2019.02.26"]
[SourceQuality "1"]

1. e4 c5 2. d4 cxd4 3. c3 dxc3 4. Nxc3 Nc6 5. Bc4 d6 6. Nf3 a6 7. 0-0 Nf6 8. Bf4 Bg4 9. h3 Bxf3 10. Qxf3 e6 11. Rfd1 Qb8 12. Rac1 Be7 13. Bb3 Ne5 14. Qe2 0-0 15. Be3 Rc8 16. f4 Ned7 17. f5 e5 18. g4 h6 19. h4 Nh7 20. g5 hxg5 21. Qh5 Rf8 22. hxg5 Qd8 23. g6 Ndf6 24. gxf7+ Kh8 25. Qg6 Qd7 26. Kg2 Qc6 27. Rh1 a5 28. Rxh7+ 1-0

[Event "Gibraltar Masters 17th"]
[Site "Caleta"]
[Date "2019.01.23"]
[Round "2"]
[White "Villar Reymundo, Juan Antonio"]
[Black "Wilson, Matthew R"]
[Result "1-0"]
[WhiteElo "2237"]
[BlackElo "1822"]
[PlyCount "81"]
[EventDate "2019.01.22"]
[EventType "swiss"]
[EventRounds "10"]
[EventCountry "GGB"]
[SourceTitle "CBM 188 Extra"]
[Source "ChessBase"]
[SourceDate "2019.02.26"]
[SourceVersion "1"]
[SourceVersionDate "2019.02.26"]
[SourceQuality "1"]

1. d4 Nf6 2. c4 e6 3. Nf3 d5 4. Nc3 Be7 5. g3 c6 6. Bg2 0-0 7. 0-0 Nbd7 8. Nd2 h6 9. e4 dxe4 10. Ndxe4 Nxe4 11. Nxe4 Nf6 12. Nc3 Qa5 13. Qe2 Rd8 14. Be3 Bd7 15. f4 Qh5 16. Bf3 Qf5 17. a3 h5 18. Kh1 Be8 19. Kg2 Rac8 20. b4 b5 21. c5 a5 22. h3 Ra8 23. Ra2 Ra7 24. Rfa1 Rda8 25. g4 hxg4 26. hxg4 Qg6 27. g5 Bd7 28. a4 axb4 29. axb5 Rxa2 30. Rxa2 Rxa2 31. Nxa2 b3 32. b6 Bc8 33. Nc1 Nd5 34. Nxb3 Qf5 35. Qd2 e5 36. dxe5 Qh3+ 37. Kf2 Qh4+ 38. Ke2 Ba6+ 39. Kd1 Bb5 40. b7 Nxe3+ 41. Qxe3 1-0